000 00467nab a2200145Ia 4500
003 ES-SlBCS
005 20210601125314.0
008 140529s2006 xxu||||| |||| 00| 0 eng d
041 _aeng
100 1 _aPsillos, Stathis
_9125365
245 0 0 _aWhat Do Powers Do When They Are Not Manifested?
_c Stathis Psillos
650 0 4 _aPoderes Ocultos
_9156508
773 0 _tPhilosophy and Phenomenological Research
_gvol. 72, nº. 1, 2006, págs. 137-156
_wRev1411
942 _cAR
999 _c528160
_d528160